logo

Bir Sreshtho Munshi Abdur Rouf Library
Jhenaidah Cadet College

Minorities in a democracy / (Record no. 10250)

MARC details
000 -LEADER
fixed length control field 00672cam a2200265 4500
001 - CONTROL NUMBER
JCCL Control Number 10250
003 - CONTROL NUMBER IDENTIFIER
JCCL marc code BD-JhCC
005 - DATE AND TIME OF LATEST TRANSACTION
control field 20180520124315.0
008 - FIXED-LENGTH DATA ELEMENTS--GENERAL INFORMATION
fixed length control field 180421s1968 ii 000 0 eng
035 ## - SYSTEM CONTROL NUMBER
system control number (BD-JhCC)10250
040 ## - CATALOGING SOURCE
Original cataloging agency DLC
Transcribing agency DLC
Modifying agency DLC
041 ## - LANGUAGE CODE
Language code of Book eng
050 00 - LIBRARY OF CONGRESS CALL NUMBER
Classification number JC311
Item number .H83 1968
082 00 - DEWEY DECIMAL CLASSIFICATION NUMBER
Classification number 301.45/0954
Author mark and Year KAB 1968
100 0# - MAIN ENTRY--PERSONAL NAME
Personal name Kabir Humayun
245 10 - TITLE STATEMENT
Title Minorities in a democracy /
Statement of responsibility, etc Humayun Kabir,
250 ## - EDITION STATEMENT
Edition statement [1st ed.]
260 ## - PUBLICATION, DISTRIBUTION, ETC. (IMPRINT)
Place of publication, distribution, etc Calcutta :
Name of publisher, distributor, etc Firma K. L. Mukhopadhyay,
Date of publication, distribution, etc 1968.
300 ## - PHYSICAL DESCRIPTION
Pagination viii, 94 p.
Dimensions 23 cm.
350 ## - PRICE (NR) (BK AM CF MU VM SE) [OBSOLETE]
Price 7.50
650 #0 - SUBJECT ADDED ENTRY--TOPICAL TERM
Topical term or geographic name as entry element Minorities.
650 #0 - SUBJECT ADDED ENTRY--TOPICAL TERM
Topical term or geographic name as entry element Minorities
Geographic subdivision India.
942 ## - ADDED ENTRY ELEMENTS (KOHA)
Source of classification or shelving scheme Dewey Decimal Classification
Koha item type Books
Holdings
Source of classification or shelving scheme Damaged status Not for loan Home library Current library Shelving location Date of accession Total Checkouts Full call number Barcode Date last seen Copy number Koha item type
Dewey Decimal Classification     JCC Rouf Library JCC Rouf Library General Stacks 04/21/2018   301.45/0954 KAB 1968 11908 04/21/2018 C-1 Books

JCC Library | Contacts | JCC Home

Last Update on 23 September 2017
Copyright @ 2017-2020 JCC Rouf Library
Rouf Library, Jhenidah Cadet College (JCC), Bangladesh